Holiday Quiz

Random Holiday or Bands Quiz

No. 1 'Love' Songs (for Valentines Day) Quiz Stats

 Plays Quiz not verified by Sporcle

Support Sporcle.
Go Orange.
Score 0/113 Timer 15:00
0 Plays Today
Title Missing Word % Correct
I Love _ _ _You
90.6%
Lovin' _ _ _You
90.6%
Let Me _ _ LoverGo
89.5%
Where Did Our Love _ _Go
89.5%
I'll _ _ Loving You (Forever)Be
86.2%
All You _ _ _ _ Is LoveNeed
81.9%
Crazy L_ _ _ _ _ Thing Called LoveLittle
81.9%
Be _ _ LoveMy
81.5%
_ _ LoveMy
81.5%
_ _ LoveMy
81.5%
_ _ LoveMy
81.5%
Love Will K_ _ _ Us TogetherKeep
81%
K _ _ _ On Lovin' YouKeep
81%
I J_ _ _ Can't Stop Loving YouJust
80.4%
How D_ _ _ Is Your LoveDeep
80.1%
_ _ _ Power of LoveThe
79.9%
I Will A_ _ _ _ _ Love YouAlways
79%
M_ _ _ Love to Me!Make
78.6%
Love Theme From 'A Star is B_ _ _'Born
78.6%
I'll M_ _ _ Love to YouMake
78.6%
I W_ _ _ You, I Need You, I Love YouWant
77.7%
Love is Here and Now You're G_ _ _Gone
77.2%
It M_ _ _ Have Been LoveMust
77.2%
Can't H_ _ _ Falling in LoveHelp
77%
I Love _ _ _ _ 'n RollRock
76.8%
What's Love _ _ _ to Do With ItGot
76.8%
I Just Called To _ _ _ I Love YouSay
75.9%
I'll Do A_ _ _ _ _ _ _ For LoveAnything
75.7%
That's the Way Love G_ _ _Goes
75.7%
Have You E_ _ _ Really Loved a WomanEver
75.7%
Greatest Love of _ _ _All
75.4%
_ _ _ 4 LoveAll
75.4%
Love Me T_ _ _ _ _Tender
75.2%
You Give Love a _ _ _ NameBad
75%
Love Will N_ _ _ _ DoNever
75%
B_ _ _ _ _ _ I Love YouBecause
74.8%
B_ _ _ _ _ _ You Loved MeBecause
74.8%
Love Is a Many Splendered T_ _ _ _Thing
74.3%
Title Missing Word % Correct
I Want to K_ _ _ What Love IsKnow
73.9%
Love Me _ _Do
73.2%
_ _ _ _! In the Name of LoveStop
73.2%
I Love You, For Sentimental R_ _ _ _ _ _Reasons
73%
W_ _ _ You Love Me TomorrowWill
72.3%
Can't Live W_ _ _ _ _ _ Your LoveWithout
72.3%
Y_ _'__ In LoveYou're
72.3%
G_ _ _ Lovin'Good
71.4%
P_ _ _ Time LoverPart
71.2%
Love Will Lead You B_ _ _Back
71.2%
I Love a Rainy N_ _ _ _Night
71%
G_ _ _ Me Love (Give Me Peace on Earth)Give
70.8%
S_ _ _ _ _ All My Love For YouSaving
69.9%
B_ _ _ LoveBaby
69.2%
B_ _ _ I Love Your Way - FreebirdBaby
69.2%
I _ _ _'_ Stop Loving YouCan't
69%
The P_ _ _ _ of LovePower
69%
You Can't H_ _ _ _ LoveHurry
68.5%
F_ _ _ Like Makin' LoveFeel
68.5%
Taking a C_ _ _ _ _ on LoveChance
67.4%
Love You I_ _ _ _ _ and OutInside
67.4%
T_ _ _ Guy's In Love With YouThis
67.2%
Love the Way You L_ _Lie
66.5%
Can't _ _ _ Me LoveBuy
66.3%
50 Ways To L_ _ _ _ Your LoverLeave
65.8%
Silly Love S_ _ _ _Songs
65.2%
You've _ _ _ _ That Lovin' Feelin'Lost
64.7%
To S_ _ With LoveSir
64.7%
B_ _ _ of My LoveBest
63.2%
B_ _ _ of My Love Best
63.2%
He d_ _'_ Love You (Like I Love You)Don't
62.5%
The _ _ _ That You LoveOne
62.3%
I K_ _ _ I Loved YouKnew
62.3%
J_ _ _ _ _ _ My LoveJustify
61.8%
C_ _ _ _ in LoveCrazy
60.3%
W_ _ _ _ in LoveWoman
58.7%
I T_ _ _ _ I Love YouThink
58.3%
E_ _ _ _ _ _ LoveEndless
56.9%
Title Missing Word % Correct
So M_ _ _ in LoveMuch
56.5%
H_ _ _ _, I Love YouHello
56.3%
Love T_ _ _ _ From Romeo and JulietTheme
56.3%
Let Your Love F_ _ _Flow
55.6%
You Always H_ _ _ the One You LoveHurt
55.4%
A W_ _ _ _ Without LoveWorld
55.1%
F_ _ _ _ _' In LoveFallin
54.7%
Love Letters in the S_ _ _Sand
53.6%
G_ _ _ _ _ Kind of LoveGroovy
51.3%
A_ _ _ _ _ _ _ to LoveAddicted
51.1%
B_ _ _ _ _ _ _ LoveBleeding
49.8%
To Know _ _ _ Is to Love _ _ _Him
48.4%
_ _ _ Me Love YouLet
48.4%
If You _ _ _ My LoveHad
48%
Y_ _ _ _ LoveYoung
46.7%
A _ _ _ Hunk O' LoveBig
46.2%
All _ _ _ LoveFor
44.9%
Caribbean Queen (No More Love on the _ _ _)Run
44%
I H_ _ _ _ _ _ _ Love YouHonestly
42.6%
Love In This C_ _ _Club
42.6%
Love T_ _ _ _ TimeTakes
41.5%
The Love You S_ _ _Save
40%
Love B_ _ _ _Bites
39.7%
Love T_ _ _ _Train
39.3%
I W_ _ _ _ Love YouWanna
37.5%
H_ _ _ _ _ LoveHigher
36.6%
Love M_ _ _ _ _ _ Part 1Machine
33.9%
G_ _ _ _ of LoveGlory
32.6%
Love C_ _ _ _Child
30.4%
C_ _ _ _ _ of LoveChapel
28.3%
G_ _ _ of LoveGame
26.8%
Love R_ _ _ _ _ _ _ _ _ _ _ _Rollercoaster
26.6%
Love H_ _ _ _ _ _ _Hangover
26.6%
Love is B_ _ _Blue
20.8%
P_ _ _ _ _ _ _ of LovePrisoner
14.5%
S_ _ _ _ _ LoveSecret
12.7%
A_ _ _ _ LoveApril
10%

You're not logged in!

Compare scores with friends on all Sporcle quizzes.
OR
Log In

From the Vault

Keyboard Quiz: Shakespeare's Plays

by Quiztopia

Shakespeare never had the benefit of using a keyboard, so consider yourself fortunate.
Remove Ads.
Support Sporcle.
Get the best of Sporcle when you Go Orange. This ad-free experience offers more features, more stats, and more fun while also helping to support Sporcle. Thank you for becoming a member.

Show Comments

Extras

Top Quizzes Today


Score Distribution

Your Account Isn't Verified!

In order to create a playlist on Sporcle, you need to verify the email address you used during registration. Go to your Sporcle Settings to finish the process.

Report this User

Report this user for behavior that violates our Community Guidelines.

Details: